000 00793nam a22002297 4500
999 _c1303
_d1303
003 AR-BaISA
005 20230517142913.0
007 ta
008 220826s2023 ag |||| |||| 000 0 spa d
020 _a9789870817383
040 _bspa
_cAR-BaISA
082 0 4 _222
_a614.49 C675
100 1 _92460
_aCosentino, Fabiana Silvia
245 1 0 _aDiario de la pandemia 2:
_bgeopolítica de la distopía del mundo globalizado /
_cFabiana Silvia Cosentino
260 _aBuenos Aires:
_bDe los cuatro vientos,
_c2023
300 _a126 p.
504 _aBibliografía al final de cada capítulo.
505 _tCarta de la autora --
_tNoviembre 2022 --
_tDiciembre 2022 --
_tEnero 2023 --
_tFebrero 2023
650 1 0 _91977
_aCOVID-19
_xhistoria
650 1 0 _92112
_aEpidemias
_xhistoria
942 _2ddc
_cLI
_e22